S maringotkou za úrodou /

Main Author: Štych, Jiří, 1928-
Language: Czech
Published: Praha : SZN, 1954
Edition: 1. vyd.
Physical Description: 58 s., [8] s. obr. příl. : il., 1 mp. ; 22 cm
Book
Saved in:
LEADER 00769nam a22002532a 4500
001 001695656
003 CZ BrMZK
005 20190719185205.0
007 ta
008 190719s1954 xr er|||||||||||cze d
015 |a cnb000511477 
020 |q (Brož.) :  |c Kčs 8,50 
035 |a (OCoLC)85318246 
040 |a ABA001  |b cze  |c CBA001  |d ABA001  |d BOA001 
100 1 |a Štych, Jiří,  |d 1928-  |7 jk01131597  |4 aut 
245 1 0 |a S maringotkou za úrodou /  |c Jiří Štych 
250 |a 1. vyd. 
260 |a Praha :  |b SZN,  |c 1954 
300 |a 58 s., [8] s. obr. příl. :  |b il., 1 mp. ;  |c 22 cm 
500 |a 2000 výt. 
910 |a BOA001  |b X-0321.483 
990 |a BK 
991 |b 201907 
996 6 |b 2618802163  |c X-0321.483  |l MZK  |r Sklad / do 24 hodin  |n 0  |w 001736936  |u 000010  |a 1  |e BOA001  |j MZK50  |s P